=LDR 00000nam 2200000 4500 =001 INLIS000000000014516 =005 20130612105809 =008 ***********************************Ind** =035 ##$$0010-061300000014516 =041 ##$$a Ind =082 ##$$a 573.2 =090 ##$$a 573.2, Jus g =100 ##$$a Jusuf, Muhammad =245 ##$$a Genetika I struktur dan ekspresi gen, Muhammad jusuf =260 ##$$a 2001 $b Jakarta =300 ##$$a xi, 300 hlm, Ilus, 22,5 cm =650 ##$$a Genetika manusia =850 ##$$a NBPNMAT